Statystyki dla Szybkie pisanie od A do Z

Kliknij tutaj aby rozwiązać quiz!

Ogólne statystyki

  • Ten quiz został rozwiązany 8 razy
    (7 od ostatniego zresetowania)
  • Średni wynik to 18 z 26

Statystyki odpowiedzi

Odpowiedź% Poprawnych
a
100%
b
100%
c
100%
d
100%
j
100%
q
100%
s
100%
f
67%
g
67%
h
67%
i
67%
k
67%
l
67%
m
67%
n
67%
o
67%
p
67%
r
67%
t
67%
u
67%
w
67%
w
67%
z
67%
x
33%
y
33%
mi
0%

Rozkład punktacji

Percentyl według liczby udzielonych odpowiedzi

Procent ludzi z każdym wynikiem

Twoja historia wyników

Nie rozwiązałeś tego quizu od ostatniego zresetowania